| 000 | 01534cam a22003977a 4500 | ||
|---|---|---|---|
| 003 | CHAP | ||
| 005 | 20220329140224.0 | ||
| 008 | 971013s1970 r 00010 d | ||
| 010 | _a48782 | ||
| 011 | _a49754 | ||
| 035 | _a53904 | ||
| 040 | _cCHAP | ||
| 082 |
_a636.2084 _bR5Y |
||
| 100 | 0 | 0 |
_aRisse, Jacques. _997511 |
| 245 | 1 | 3 | _aLa alimentación del ganado ovino, bovino, porcino y aves |
| 260 |
_aMadrid : _bBlume, _c1970 |
||
| 300 | _a374 p. láms. | ||
| 590 |
_aBATCH-UPD _b10 _c20130110 _lUCH01 _h0020 |
||
| 590 |
_aBATCH-UPD _b10 _c20130110 _lUCH01 _h1502 |
||
| 590 |
_aBATCH-UPD _b10 _c20130410 _lUCH01 _h0924 |
||
| 590 |
_aBATCH-UPD _b10 _c20130914 _lUCH01 _h0445 |
||
| 590 |
_aCONVERSION _b10 _c20130109 _lUCH01 _h1327 |
||
| 650 | 1 | 4 |
_aAlimentos y alimentacion del ganado. _94326 |
| 650 | 1 | 4 |
_aAves de corral _xAlimentación. _98638 |
| 650 | 1 | 4 |
_aGanado lanar _xAlimentación. _945153 |
| 650 | 1 | 4 |
_aGanado porcino _xAlimentación. _945329 |
| 650 | 1 | 4 |
_aGanado vacuno _xAlimentación. _945429 |
| 901 | _aBK | ||
| 942 | _cLIBRO | ||
| 949 |
_a636.2084 R5Y _bBC _cLIBRO _d-119244 _eLIBRO _fc.2 _h35596 _i53904 _si |
||
| 949 |
_a636.2084 R5Y _bBC _cLIBRO _d33724000096624 _eLIBRO _fc.3 _h35597 _i53904 _si |
||
| 949 |
_a636.2084 R5Y _bBC _cLIBRO _d33724000096772 _eLIBRO _fc.4 _h35598 _i53904 _si |
||
| 949 |
_a636.2084 R5Y _bBC _cLIBRO _d33724000096780 _eLIBRO _fc.7 _h42383 _i53904 _si |
||
| 949 |
_a636.2084 R5Y _bBC _cLIBRO _d33724000628178 _eLIBRO _fc.6 _h39315 _i53904 _si |
||
| 949 |
_a636.2084 R5Y _bBC _cLIBRO _d33724000920203 _eLIBRO _fc.8 _h42384 _i53904 _si |
||
| 999 |
_c48782 _d48782 |
||